| 000 | 00420nam a22001697a 4500 | ||
|---|---|---|---|
| 005 | 20180625103842.0 | ||
| 008 | 160517b xxu||||| |||| 00| 0 eng d | ||
| 020 | _a81-203-2072-7 | ||
| 041 | _aeng | ||
| 082 |
_b2471 _a658.1 |
||
| 100 |
_aRichard H. Hall _9642 |
||
| 245 | _aOrganizations structures Processes & Outcomes | ||
| 260 |
_aNew Delhi _bPHI, _c2002 |
||
| 300 | _a278 | ||
| 650 |
_aManagement _9241 |
||
| 942 | _cBK | ||
| 999 |
_c898 _d898 |
||